<?xml version="1.0" encoding="UTF-8"?>
<record
    xmlns:xsi="http://www.w3.org/2001/XMLSchema-instance"
    xsi:schemaLocation="http://www.loc.gov/MARC21/slim http://www.loc.gov/standards/marcxml/schema/MARC21slim.xsd"
    xmlns="http://www.loc.gov/MARC21/slim">

  <leader>02175nam a2200421 i 4500</leader>
  <controlfield tag="001">P20220819050</controlfield>
  <controlfield tag="008">220825s2022    ch      s     000 0 chi d</controlfield>
  <datafield tag="020" ind1=" " ind2=" ">
    <subfield code="a">9786267095126</subfield>
  </datafield>
  <datafield tag="020" ind1=" " ind2=" ">
    <subfield code="a">9786267095164</subfield>
    <subfield code="q">(EPUB)</subfield>
  </datafield>
  <datafield tag="041" ind1="1" ind2=" ">
    <subfield code="a">chi</subfield>
    <subfield code="h">eng</subfield>
  </datafield>
  <datafield tag="050" ind1=" " ind2="4">
    <subfield code="a">HF5382.6</subfield>
    <subfield code="b">W553 2022</subfield>
  </datafield>
  <datafield tag="100" ind1="1" ind2=" ">
    <subfield code="a">Wilding, Melogy.</subfield>
  </datafield>
  <datafield tag="240" ind1="1" ind2="0">
    <subfield code="a">Trust yourself : stop overthinking and channel your emotions for success at work.</subfield>
    <subfield code="l">Chinese</subfield>
  </datafield>
  <datafield tag="245" ind1="1" ind2="0">
    <subfield code="6">880-01</subfield>
    <subfield code="a">Xiang xin ni zi ji</subfield>
    <subfield code="h">[electronic resource] :</subfield>
    <subfield code="b">pao kai nei xin xiao ju chang, cai zhi dao zi ji you duo qiang! Xian gei gao min ren de zhi chang xiao yao zhi nan /</subfield>
    <subfield code="c">Meiledi.Huaierting(Melody Wilding) zhu ; Cai Xinyu yi.</subfield>
  </datafield>
  <datafield tag="246" ind1="3" ind2="0">
    <subfield code="6">880-02</subfield>
    <subfield code="a">Pao kai nei xin xiao ju chang, cai zhi dao zi ji you duo qiang! Xian gei gao min ren de zhi chang xiao yao zhi nan</subfield>
  </datafield>
  <datafield tag="250" ind1=" " ind2=" ">
    <subfield code="6">880-03</subfield>
    <subfield code="a">Chu ban.</subfield>
  </datafield>
  <datafield tag="260" ind1=" " ind2=" ">
    <subfield code="6">880-04</subfield>
    <subfield code="a">Xinbei Shi :</subfield>
    <subfield code="b">Fang zhou wen hua, yuan zu wen hua,</subfield>
    <subfield code="c">2022.</subfield>
  </datafield>
  <datafield tag="300" ind1=" " ind2=" ">
    <subfield code="a">1 v.</subfield>
  </datafield>
  <datafield tag="490" ind1="1" ind2=" ">
    <subfield code="6">880-05</subfield>
    <subfield code="a">Xin ling fang zhou ;</subfield>
    <subfield code="v">0035</subfield>
  </datafield>
  <datafield tag="500" ind1=" " ind2=" ">
    <subfield code="a">Translation of: Trust yourself : stop overthinking and channel your emotions for success at work.</subfield>
  </datafield>
  <datafield tag="533" ind1=" " ind2=" ">
    <subfield code="a">Electronic reproduction.</subfield>
    <subfield code="b">New Taipei City :</subfield>
    <subfield code="c">Airiti.</subfield>
    <subfield code="n">System requirements: iRead eBook.</subfield>
    <subfield code="n">Available via World Wide Web.</subfield>
  </datafield>
  <datafield tag="650" ind1=" " ind2="0">
    <subfield code="a">Confidence.</subfield>
  </datafield>
  <datafield tag="650" ind1=" " ind2="0">
    <subfield code="a">Self-esteem in women.</subfield>
  </datafield>
  <datafield tag="650" ind1=" " ind2="0">
    <subfield code="a">Self-realization in women.</subfield>
  </datafield>
  <datafield tag="650" ind1=" " ind2="0">
    <subfield code="a">Success in business.</subfield>
  </datafield>
  <datafield tag="650" ind1=" " ind2="0">
    <subfield code="a">Women</subfield>
    <subfield code="x">Vocational guidance.</subfield>
  </datafield>
  <datafield tag="700" ind1="1" ind2=" ">
    <subfield code="6">880-06</subfield>
    <subfield code="a">Caixin, Yuyi.</subfield>
  </datafield>
  <datafield tag="830" ind1=" " ind2="0">
    <subfield code="6">880-07</subfield>
    <subfield code="a">Xin ling fang zhou ;</subfield>
    <subfield code="v">0035.</subfield>
  </datafield>
  <datafield tag="856" ind1="4" ind2="0">
    <subfield code="u">https://www.airitibooks.com/Detail/Detail?PublicationID=P20220819050</subfield>
  </datafield>
  <datafield tag="880" ind1="1" ind2="0">
    <subfield code="6">245-01/</subfield>
    <subfield code="1"></subfield>
    <subfield code="a">&#x76F8;&#x4FE1;&#x4F60;&#x81EA;&#x5DF1;</subfield>
    <subfield code="h">[electronic resource] :</subfield>
    <subfield code="b">&#x62CB;&#x958B;&#x5167;&#x5FC3;&#x5C0F;&#x5287;&#x5834;, &#x624D;&#x77E5;&#x9053;&#x81EA;&#x5DF1;&#x6709;&#x591A;&#x5F37;! &#x737B;&#x7D66;&#x9AD8;&#x654F;&#x4EBA;&#x7684;&#x8077;&#x5834;&#x900D;&#x9059;&#x6307;&#x5357; /</subfield>
    <subfield code="c">&#x7F8E;&#x6A02;&#x8482;.&#x61F7;&#x723E;&#x6C40;(Melody Wilding)&#x8457; ; &#x8521;&#x5FC3;&#x8A9E;&#x8B6F;.</subfield>
  </datafield>
  <datafield tag="880" ind1="3" ind2="0">
    <subfield code="6">246-02/</subfield>
    <subfield code="1"></subfield>
    <subfield code="a">&#x62CB;&#x958B;&#x5167;&#x5FC3;&#x5C0F;&#x5287;&#x5834;, &#x624D;&#x77E5;&#x9053;&#x81EA;&#x5DF1;&#x6709;&#x591A;&#x5F37;! &#x737B;&#x7D66;&#x9AD8;&#x654F;&#x4EBA;&#x7684;&#x8077;&#x5834;&#x900D;&#x9059;&#x6307;&#x5357;</subfield>
  </datafield>
  <datafield tag="880" ind1=" " ind2=" ">
    <subfield code="6">250-03/</subfield>
    <subfield code="1"></subfield>
    <subfield code="a">&#x521D;&#x7248;.</subfield>
  </datafield>
  <datafield tag="880" ind1=" " ind2=" ">
    <subfield code="6">260-04/</subfield>
    <subfield code="1"></subfield>
    <subfield code="a">&#x65B0;&#x5317;&#x5E02; :</subfield>
    <subfield code="b">&#x65B9;&#x821F;&#x6587;&#x5316;, &#x9060;&#x8DB3;&#x6587;&#x5316;,</subfield>
    <subfield code="c">2022.</subfield>
  </datafield>
  <datafield tag="880" ind1="1" ind2=" ">
    <subfield code="6">490-05/</subfield>
    <subfield code="1"></subfield>
    <subfield code="a">&#x5FC3;&#x9748;&#x65B9;&#x821F; ;</subfield>
    <subfield code="v">0035</subfield>
  </datafield>
  <datafield tag="880" ind1="1" ind2=" ">
    <subfield code="6">700-06/</subfield>
    <subfield code="1"></subfield>
    <subfield code="a">&#x8521;&#x5FC3;&#x8A9E;&#x8B6F;.</subfield>
  </datafield>
  <datafield tag="880" ind1=" " ind2="0">
    <subfield code="6">830-07/</subfield>
    <subfield code="1"></subfield>
    <subfield code="a">&#x5FC3;&#x9748;&#x65B9;&#x821F; ;</subfield>
    <subfield code="v">0035.</subfield>
  </datafield>
  <datafield tag="999" ind1=" " ind2=" ">
    <subfield code="c">41489</subfield>
    <subfield code="d">41489</subfield>
  </datafield>
</record>
